000 00701nam a22002057a 4500
999 _c10766
_d10766
003 AR-CdUCM
008 190401b ||||| |||| 00| 0 spa d
040 _aMUNICIPALIDAD PROVINCIAL DEL CUSCO
_cBIBLIOTECA MUNICIPAL DEL CUSCO
082 _a809 /
_bB63 /1908
100 _aBobadilla, Emilio
_927784
245 _aMuecas :
_bCritica y sátira /
260 _aParís :
_bSociedad de literarias y artistas,
_c1908.
300 _a280 paginas,
_c19 cm.
505 _aContenido : El por que de este libro -- La estatua de Musset -- El historiador Ferrero -- Berthelot ...
650 _aLiteratura
_983
650 _aEuropea
_95888
650 _aUniversal
_918236
942 _2ddc
_cLIBROS
945 _arah